000 00771nam a22002177a 4500
005 20230707080648.0
008 230707b |||||||| |||| 00| 0 eng d
020 _a978-621-427-087-3
082 _aFil. 338.4791068 M382 2021
100 _aMartin, Matt
_eauthor
245 _aTotal quality management for tourism and hospitality /
_cMatt Martin
260 _aManila:
_bUnlimited Books Library Services & Publishing,
_cc2021
300 _axvi, 388p.:
_bill.
504 _aIncludes bibliographical references
541 _e7263 c.1, 7264 c.2, 7265 c.3
650 _aTourist trade - Management
650 _aTourist trade - Quality control
650 _aHospitality industry - Management
650 _aHospitality - Quality control
650 _aTotal quality management
999 _c2194
_d2194